Cities with 10 Million Inhabitants - Statistics

General Stats
  • This quiz has been taken 194 times
  • The average score is 24 of 31
Answer Stats
City % Correct
New York
99%
Los Angeles
97%
Tokyo
96%
London
95%
Beijing
94%
Paris
94%
Rio de Janeiro
93%
Mexico City
92%
Cairo
91%
Shanghai
91%
Moscow
90%
Jakarta
88%
Mumbai
86%
São Paulo
84%
Buenos Aires
83%
Delhi
83%
Lagos
82%
Istanbul
80%
Seoul
76%
Guangzhou
73%
Osaka
71%
Bangkok
70%
Kolkata
68%
Manila
68%
Karachi
66%
Dhaka
58%
Tehran
58%
Kinshasa
52%
Tianjin
49%
Shenzhen
40%
Nagoya
39%
No matching quizzes found
Score Distribution
Percent of People with Each Score
Percentile by Number Answered
Your Score History
You have not taken this quiz